| 000 | 01032nam2a2200229 4500 | ||
|---|---|---|---|
| 001 | rc\3025515 | ||
| 005 | 20260315071301.0 | ||
| 035 | _a(NLR Aleph) 007208121 | ||
| 090 |
_a13630400 _c13630400 |
||
| 100 | _a20110929d1936 u y0rusy50 ca | ||
| 101 | 0 | _arus | |
| 102 | _aRU | ||
| 105 | _ay z ||||| | ||
| 200 | 1 |
_aЧем отличается социалистическая революция от буржуазной? _aЧто означает победа социализма для трудящихся? _aКак советский народ обсуждает свою Конституцию? _aЧто дала советская власть молодежи? |
|
| 210 | _d1936 | ||
| 215 | _a28, [3] с. | ||
| 461 | 0 |
_1001rc\3025501 _12001#$aОтветы на вопросы молодежи$v19 _97660315 _c[Москва] _d1936 _nМол. гвардия _tОтветы на вопросы молодежи _v19 |
|
| 801 | 0 |
_aRU _bNLR _gpsbo |
|
| 801 | 1 |
_aRU _bELAR _2rusmarc |
|
| 852 |
_aNLR _j35-18/439 |
||
| 942 | _cUNSPEC | ||
| 980 | _aNB | ||